|
|
|
|
| LEADER |
00000nbm0a2200000 4500 |
| 001 |
343258 |
| 005 |
20231102005535.0 |
| 035 |
|
|
|a (RuTPU)RU\TPU\book\373180
|
| 035 |
|
|
|a RU\TPU\book\373177
|
| 090 |
|
|
|a 343258
|
| 100 |
|
|
|a 20190724d1978 k y0rusy50 ca
|
| 101 |
0 |
|
|a rus
|
| 102 |
|
|
|a RU
|
| 105 |
|
|
|a a p 001zy
|
| 200 |
1 |
|
|a Разработка конструкций высокопроизводительных (50-100 кА) униполярных и равных по производительности биполярных электролизеров с принудительной циркуляцией электролита и высокой плотностью тока на электродах (1-2 А/см²) для получения элементарного фтора. Сообщение 18: Эскизный проект фторного униполярного средне-температурного электролизера с принудительной циркуляцией электролита на токовую нагрузку 50 кА и плотностью тока 1 А/см²
|e отчет о НИР
|f Томский политехнический институт ; руководители НИР Н. П. Курин, Б. Ф. Шашкин ; исполнители НИР В. М. Беляев, Б. Н. Трофимов
|
| 210 |
|
|
|a Томск
|c [Б. и.]
|d 1978
|
| 215 |
|
|
|a 59 л.
|c ил.
|
| 300 |
|
|
|a ИК М82737
|
| 320 |
|
|
|a Библиогр.: с. 51-52 (22 назв.)
|
| 606 |
1 |
|
|a Электролизеры
|2 stltpush
|3 (RuTPU)RU\TPU\subj\76767
|9 87618
|
| 610 |
1 |
|
|a отдельные узлы
|
| 610 |
1 |
|
|a конструкции
|
| 610 |
1 |
|
|a контрольно-измерительные приборы
|
| 610 |
1 |
|
|a материальный баланс
|
| 610 |
1 |
|
|a размеры
|
| 610 |
1 |
|
|a расчет
|
| 610 |
1 |
|
|a тепловой баланс
|
| 610 |
1 |
|
|a экономический эффект
|
| 610 |
1 |
|
|a приближенная оценка
|
| 610 |
1 |
|
|a отчеты о НИР
|
| 610 |
1 |
|
|a труды учёных ТПУ
|
| 675 |
|
|
|a 621.357.1(04)
|v 4
|
| 702 |
|
1 |
|a Курин
|b Н. П.
|c химик-технолог
|c профессор Томского политехнического университета
|c основатель химической технологии атомной промышленности Сибири
|f 1906-2004
|g Николай Павлович
|2 stltpush
|3 (RuTPU)RU\TPU\pers\9462
|4 673
|
| 702 |
|
1 |
|a Шашкин
|b Б. Ф.
|4 673
|
| 702 |
|
1 |
|a Беляев
|b В. М.
|c химик-технолог
|c доцент Томского политехнического университета, кандидат технических наук
|f 1946-
|g Василий Михайлович
|2 stltpush
|3 (RuTPU)RU\TPU\pers\26759
|4 677
|
| 702 |
|
1 |
|a Трофимов
|b Б. Н.
|c химик-технолог
|c инженер Томского политехнического университета
|f 1954-
|g Борис Николаевич
|2 stltpush
|3 (RuTPU)RU\TPU\pers\36758
|4 677
|
| 712 |
0 |
2 |
|a Томский политехнический институт
|c (1944-1991)
|2 stltpush
|3 (RuTPU)RU\TPU\col\1123
|9 23521
|
| 801 |
|
1 |
|a RU
|b 63413507
|c 20190724
|
| 801 |
|
2 |
|a RU
|b 63413507
|c 20191008
|g RCR
|
| 942 |
|
|
|c BK
|